000 00705cam a22002411 4500
001 sa 68017183
003 DLC
005 20260227112700.0
008 720613s1965 xx 000 0 ind
010 _asa 68017183
035 _a(OCoLC)331358
040 _aDLC
_cOAU
_dDLC
042 _apremarc
050 0 0 _aDS644
_b.2 1962.S9563
100 0 _aSoekarno,
_d1901-1970.
245 1 0 _aTahun kemenangan.
_bA year of triumph.
_cAmanat P. J. M. Presiden R. I. pada hari perajaan ulang tahun Kemerdekaan R. I. 17 Aug. 1962.
250 _aTjet. 2.
260 _aMedan,
_bHarris
_c[1965]
300 _a44 p.
_c17 cm.
500 _aCover title: Takem.
740 2 _aA year of triumph.
740 0 _aTakem.
999 _c87568
_d87568